Erdélyi irodalomkritika
Elmentve itt :
| Szerző: | |
|---|---|
| Adatforrás: | Meister |
| Forrásdokumentuma: | Korunk. - 12 sz., 1999, 124-125 p. |
| Nyelv: | magyar |
| Kulcsszavak: | irodalomtörténet sajtó irodalomkritika magyar-román kapcsolatok román irodalom (erdélyi) erdélyi román irodalom erdélyi irodalom Erdély BARITIU George SLAVICI Ioan CHENDI Ilarie Tribuna Foaie pentru minte, inima si literatura |
| LEADER | 00724nab a2200265 i 4500 | ||
|---|---|---|---|
| 001 | bibPRO00003765 | ||
| 008 | 060524s1999 xx hun | ||
| 040 | |a Sz1 | ||
| 041 | |a hun | ||
| 100 | 1 | |a POPA Mircea | |
| 245 | 1 | 0 | |a Erdélyi irodalomkritika |c POPA Mircea |
| 695 | |a irodalomtörténet | ||
| 695 | |a sajtó | ||
| 695 | |a irodalomkritika | ||
| 695 | |a magyar-román kapcsolatok | ||
| 695 | |a román irodalom (erdélyi) | ||
| 695 | |a erdélyi román irodalom | ||
| 695 | |a erdélyi irodalom | ||
| 695 | |a Erdély | ||
| 695 | |a BARITIU George | ||
| 695 | |a SLAVICI Ioan | ||
| 695 | |a CHENDI Ilarie | ||
| 695 | |a Tribuna | ||
| 695 | |a Foaie pentru minte, inima si literatura | ||
| 773 | 0 | |t Korunk. - |g 12 sz., 1999, 124-125 p. | |